[Event "Wch Blitz 7th"]
[Site "Khanty-Mansiysk"]
[Date "2013.06.09"]
[Round "13"]
[White "Ponkratov, Pavel"]
[Black "Khairullin, Ildar"]
[Result "1-0"]
[WhiteElo "2605"]
[BlackElo "2658"]
[PlyCount "93"]
[EventDate "2013.06.09"]
[EventType "swiss (blitz)"]
[EventRounds "30"]
[EventCountry "RUS"]
[SourceTitle "CBM 154 Extra"]
[Source "ChessBase"]
[SourceDate "2013.06.25"]
[SourceVersion "2"]
[SourceVersionDate "2013.06.25"]
[SourceQuality "1"]

1. Nf3 d5 2. g3 c6 3. Bg2 Bg4 4. O-O Nd7 5. d3 Ngf6 6. Qe1 e5 7. e4 dxe4 8. dxe4 Bc5 9. h3 ({RR} 9. a4 O-O 10. Na3 Qc7 11. b3 Rfe8 12. Bb2 a5 {½-½ (12) Vaganian,R (2614)-Vallejo Pons,F (2674) Germany 2006}) 9... Bxf3 10. Bxf3 O-O ({RR} 10... Nf8 11. Be3 Bxe3 12. Qxe3 Ne6 13. Nd2 Qd4 14. Qxd4 Nxd4 15. c3 Nxf3+ 16. Nxf3 Nd7 17. Rad1 f6 18. Rd2 Nc5 19. Re1 a5 20. Nh4 g6 21. f3 Ke7 22. Red1 a4 23. Ng2 h5 24. h4 Rhd8 25. Ne3 {Adam,R (2183)-Szpar,M (2477) chess.com INT 2024 0-1 (56)}) 11. Bg2 $146 ({RR} 11. a4 a5 12. Nd2 Qc7 13. Nc4 Rfd8 14. Bd2 b6 15. Bc3 Bd4 16. Bd2 Nf8 17. c3 Bc5 18. Bg5 N8d7 19. Rd1 h6 20. Bc1 Nf8 21. Qe2 Ne6 22. h4 Bf8 23. Ne3 Nc5 24. Qc2 Rxd1 25. Rxd1 Rd8 {Doncevic,D (2290)-Bratkovic,S (2097) Pula 2017 ½-½ (32)}) ({RR} 11. c3 b5 12. Bd1 a5 13. Qe2 Qe7 14. Bc2 Rfd8 15. Nd2 Nf8 16. Kg2 Ng6 17. Re1 a4 18. Nf1 b4 19. Ne3 bxc3 20. Nf5 Qe6 21. bxc3 Ne7 22. Nxe7+ Qxe7 {½-½ (22) Rechel,B (2365)-Hoffmann,M (2455) Germany 1992}) 11... Re8 12. Kh2 a5 13. Qe2 a4 14. Nd2 a3 15. b3 Bd4 16. Rb1 b5 17. Nf3 Bc3 18. b4 Qe7 19. Bd2 Bxd2 20. Nxd2 Nb6 21. Rb3 Red8 22. c4 Qd7 23. c5 Qxd2 24. Qxd2 Rxd2 25. cxb6 Rxa2 26. Rc3 Rd2 27. Rxc6 Rd7 28. f4 Rb7 29. fxe5 Nd7 30. e6 fxe6 31. e5 Rab8 32. Rxe6 Rxb6 33. Re7 Nf8 34. Bd5+ Kh8 35. Rff7 Ng6 36. Ra7 Nxe5 37. Rxg7 Rh6 38. Rge7 Nc4 39. g4 Rd8 40. Kg3 a2 41. g5 Rh5 42. h4 Nb6 43. Bxa2 Nc8 44. Kg4 Nxa7 45. Rxa7 Rxh4+ 46. Kxh4 Rd4+ 47. Kh5 1-0

[Event "Wch Blitz 7th"]
[Site "Khanty-Mansiysk"]
[Date "2013.06.09"]
[Round "14"]
[White "Lagno, Kateryna"]
[Black "Kobalia, Mihail"]
[Result "1-0"]
[WhiteElo "2542"]
[BlackElo "2651"]
[PlyCount "101"]
[EventDate "2013.06.09"]
[EventType "swiss (blitz)"]
[EventRounds "30"]
[EventCountry "RUS"]
[SourceTitle "CBM 154 Extra"]
[Source "ChessBase"]
[SourceDate "2013.06.25"]
[SourceVersion "2"]
[SourceVersionDate "2013.06.25"]
[SourceQuality "1"]

1. Nf3 d5 2. g3 Bg4 3. Bg2 Nd7 4. d3 e5 5. h3 ({RR} 5. Nbd2 Ngf6 6. h3 Bh5 7. g4 Bg6 8. Nh4 c6 9. e3 Bd6 10. Qe2 Qe7 11. a3 Nc5 12. b3 O-O-O 13. Bb2 Kb8 14. O-O-O e4 15. d4 Ne6 16. b4 a5 17. c3 Nd7 18. Nf5 Bxf5 19. gxf5 Nc7 {Saric,I (2650)-Mastrovasilis,A (2542) Gjakova 2016 1-0 (63)}) ({RR} 5. c4 dxc4 6. dxc4 c6 7. O-O Ngf6 8. Nc3 Bc5 9. Qc2 O-O 10. a3 a5 11. Rb1 Qe7 12. Na4 Ba7 13. h3 Bh5 14. Nh4 e4 15. Bg5 Qe6 16. c5 h6 17. Bxf6 Nxf6 18. f4 Nd5 19. Qxe4 Qxe4 {Movsziszian,K (2417)-Sinz,B (2313) San Vicente ESP 2025 1-0 (62)}) 5... Bh5 6. c4 $146 ({RR} 6. Nbd2 f6 7. O-O Ne7 8. c4 Bf7 9. cxd5 Nxd5 10. d4 Bd6 11. Ne4 O-O 12. Nxd6 cxd6 13. dxe5 dxe5 14. Ng5 N7b6 15. Nxf7 Rxf7 16. Qb3 Kf8 17. Bd2 Rd7 18. Be4 g6 19. Bh6+ Ke8 20. a4 f5 {Geveke,M (2315)-Olzem,L (2210) Germany 1999 1-0 (31)}) ({RR} 6. O-O c6 7. c4 dxc4 8. dxc4 Ngf6 9. Nc3 Bc5 10. Na4 Be7 11. Nh4 Nc5 12. Nc3 O-O 13. Nf5 Qc7 14. Nxe7+ Qxe7 15. Be3 Rfd8 16. Qc1 Ne6 17. b3 Nd4 18. Qb2 Rd7 19. Rfe1 Rad8 20. Rac1 h6 {Urban,K (2453)-Gritsak,O (2499) Glogow 2001 ½-½ (39)}) 6... dxc4 7. dxc4 c6 8. Nc3 Ngf6 9. Nh4 Bb4 10. Qb3 Qa5 11. Bd2 O-O 12. a3 Bxc3 13. Bxc3 Qc7 14. Qc2 a5 15. b3 Nc5 16. O-O a4 17. b4 Nb3 18. Rad1 Rad8 19. g4 Bg6 20. Nxg6 hxg6 21. e3 Qe7 22. Qb2 Rde8 23. c5 Nh7 24. Rd6 Ng5 25. Rfd1 f6 26. Qe2 Qf7 27. h4 Ne6 28. Qc4 Nc7 29. Bf1 Nd5 30. Bb2 Kh8 31. e4 Nf4 32. Rd7 Re7 33. Qxf7 Rexf7 34. Bc4 Rxd7 35. Rxd7 Rb8 36. g5 Nd4 37. Bxd4 exd4 38. Rxd4 fxg5 39. hxg5 Nh3+ 40. Kg2 Nxg5 41. f4 Nh7 42. e5 Rf8 43. Kg3 g5 44. fxg5 g6 45. Kg4 Re8 46. Rd7 Nf8 47. Rf7 Rb8 48. e6 Re8 49. e7 Nd7 50. Kf4 b6 51. Be6 1-0

[Event "Wch Blitz 7th"]
[Site "Khanty-Mansiysk"]
[Date "2013.06.10"]
[Round "21"]
[White "Artemiev, Vladislav"]
[Black "Jakovenko, Dmitrij"]
[Result "1-0"]
[WhiteElo "2524"]
[BlackElo "2713"]
[PlyCount "77"]
[EventDate "2013.06.09"]
[EventType "swiss (blitz)"]
[EventRounds "30"]
[EventCountry "RUS"]
[SourceTitle "CBM 154 Extra"]
[Source "ChessBase"]
[SourceDate "2013.06.25"]
[SourceVersion "2"]
[SourceVersionDate "2013.06.25"]
[SourceQuality "1"]

1. b3 c5 2. Bb2 Nc6 3. e3 Nf6 4. Nf3 e6 5. Bb5 Be7 6. O-O O-O 7. Bxc6 bxc6 8. d3 d6 9. Nbd2 e5 10. Re1 $146 ({RR} 10. h3 Nd5 11. c4 Nb4 12. Ne1 a5 13. a3 Na6 14. f4 exf4 15. Rxf4 Bg5 16. Rf3 d5 17. Nc2 Nc7 18. b4 Ne6 19. cxd5 cxd5 20. Nb3 Qb6 21. Nxc5 Nxc5 22. Bd4 axb4 23. axb4 Rxa1 24. Qxa1 Nb3 {Damjanovic,M (2490)-Medina Garcia,A (2420) Montilla 1972 ½-½}) ({RR} 10. h3 Ne8 11. d4 cxd4 12. exd4 exd4 13. Nxd4 Qc7 14. Qf3 Bf6 15. Rab1 Bb7 16. Nf5 Bxb2 17. Rxb2 c5 18. Qg3 d5 19. Qxc7 Nxc7 20. c4 Ba6 21. Rc1 dxc4 22. Nxc4 Rfe8 23. Ncd6 Re5 24. f4 Re2 {Mejia,C (1972)-Enriquez,J (1892) Manila 2014 ½-½ (77)}) 10... Bg4 11. h3 Bh5 12. e4 Nd7 13. Nf1 Bg6 14. Ng3 f5 15. Nxf5 Bxf5 16. exf5 Rxf5 17. c3 d5 18. c4 Bd6 19. cxd5 cxd5 20. b4 Qf6 21. bxc5 Bxc5 22. d4 e4 23. dxc5 Qxb2 24. Re2 Qf6 25. Nd4 Rg5 26. Rc1 Ne5 27. Kh1 Nd3 28. f4 Rg3 29. Nb3 Nxc1 30. Qxd5+ Kf8 31. Qxa8+ Kf7 32. Qd5+ Kf8 33. Nxc1 Qxf4 34. Qd6+ Qxd6 35. cxd6 e3 36. Nd3 Ke8 37. Ne5 Kd8 38. Kh2 Rg5 39. Nf7+ 1-0

[Event "Wch Blitz 7th"]
[Site "Khanty-Mansiysk"]
[Date "2013.06.10"]
[Round "21"]
[White "Tkachiev, Vladislav"]
[Black "Inarkiev, Ernesto"]
[Result "1-0"]
[WhiteElo "2649"]
[BlackElo "2680"]
[PlyCount "99"]
[EventDate "2013.06.09"]
[EventType "swiss (blitz)"]
[EventRounds "30"]
[EventCountry "RUS"]
[SourceTitle "CBM 154 Extra"]
[Source "ChessBase"]
[SourceDate "2013.06.25"]
[SourceVersion "2"]
[SourceVersionDate "2013.06.25"]
[SourceQuality "1"]

1. Nf3 d5 2. g3 g6 3. Bg2 Bg7 4. c4 d4 5. d3 e5 6. Nbd2 Ne7 7. b4 a5 8. b5 c5 9. bxc6 Nexc6 10. Ba3 $146 ({RR} 10. O-O O-O 11. Ba3 Nb4 12. Ne1 N8a6 13. Nc2 Re8 14. Bxb4 axb4 15. a3 bxa3 16. Rxa3 Rb8 17. Qb1 Bg4 18. Re1 Bd7 19. Nb3 Qc8 20. Qa1 b5 21. Na5 b4 22. Rb3 e4 23. Rbb1 Nc5 24. Nxb4 Ra8 {Damljanovic,B (2579)-Sedlak,N (2576) Subotica 2008 1-0 (41)}) ({RR} 10. O-O O-O 11. Ne1 Na6 12. Nc2 Bg4 13. Rb1 Qd7 14. Ba3 Rfb8 15. Ne4 b6 16. Qd2 Bh3 17. Bxh3 Qxh3 18. f4 Bh6 19. Bd6 Rb7 20. e3 Nab4 21. exd4 Nxc2 22. Qxc2 exf4 23. Bxf4 Nxd4 24. Nf6+ Kh8 {Miroshnichenko,E (2626)-Barsov,A (2527) Al Ain 2013 1-0 (35)}) 10... Nb4 11. Bxb4 axb4 12. Qb3 Nc6 13. a3 Qe7 14. O-O bxa3 15. Ne1 O-O 16. Nc2 f5 17. Rxa3 Rxa3 18. Nxa3 e4 19. dxe4 f4 20. Rb1 Ne5 21. Nf3 Ng4 22. c5+ Kh8 23. Qc2 g5 24. h3 Ne5 25. g4 h5 26. Nxe5 Bxe5 27. Bf3 hxg4 28. hxg4 Kg7 29. Kg2 Rh8 30. Rh1 Rxh1 31. Kxh1 Qc7 32. Qc4 Kf6 33. Qg8 Qxc5 34. Nc4 Bb8 35. e5+ Ke7 36. Qxg5+ Ke8 37. Qg8+ Ke7 38. Bd5 Bxg4 39. Kg1 Bh5 40. Qg7+ Kd8 41. Qh8+ Ke7 42. Qh7+ Kd8 43. Qxb7 Bc7 44. Qa8+ Ke7 45. Qg8 Be8 46. Qe6+ Kd8 47. Nd6 Bxd6 48. exd6 Bd7 49. Qe7+ Kc8 50. Qf8+ 1-0

[Event "Wch Blitz 7th"]
[Site "Khanty-Mansiysk"]
[Date "2013.06.10"]
[Round "22"]
[White "Dubov, Daniil"]
[Black "Vallejo Pons, Francisco"]
[Result "1-0"]
[WhiteElo "2638"]
[BlackElo "2706"]
[PlyCount "83"]
[EventDate "2013.06.09"]
[EventType "swiss (blitz)"]
[EventRounds "30"]
[EventCountry "RUS"]
[SourceTitle "CBM 154 Extra"]
[Source "ChessBase"]
[SourceDate "2013.06.25"]
[SourceVersion "2"]
[SourceVersionDate "2013.06.25"]
[SourceQuality "1"]

1. Nf3 Nf6 2. g3 d5 3. Bg2 c6 4. O-O Bf5 5. d3 e6 6. Nh4 Bg4 7. h3 Bh5 8. f4 Be7 9. Qe1 Na6 ({RR} 9... Nfd7 10. Nf3 f5 11. e4 Bxf3 12. Bxf3 O-O 13. Nc3 fxe4 14. dxe4 d4 15. Nd1 e5 16. Nf2 c5 17. Qe2 Nc6 18. Bg4 Kh8 19. Be6 exf4 20. gxf4 g5 21. Ng4 gxf4 22. Bxf4 Qe8 23. e5 Bh4 24. Bc4 {Kramnik,V (2808)-Adhiban,B (2671) Baku 2016 1-0 (46)}) ({RR} 9... Nfd7 10. Nf3 Bg6 11. e4 dxe4 12. dxe4 h6 13. Nc3 O-O 14. Kh2 Na6 15. Be3 Bc5 16. Rd1 Bxe3 17. Qxe3 Qb6 18. Qxb6 Nxb6 19. Ne5 Rfd8 20. a3 Bh7 21. h4 f6 22. Nf3 Nc4 23. Bh3 Nc7 24. Rd4 {Brodsky,D (2534)-Kashefi,A (2183) chess.com INT 2024 0-1 (76)}) ({RR} 9... Nfd7 10. Nf3 h6 11. e4 Bg6 12. Nc3 O-O 13. g4 dxe4 14. dxe4 f5 15. Be3 fxe4 16. Nd4 Re8 17. Nxe6 Qc8 18. f5 Bf7 19. Nf4 Nf6 20. Qg3 Nbd7 21. h4 Bc4 22. g5 hxg5 23. hxg5 Nd5 24. Nfxd5 {Dubov,D (2659)-Palchun,G (2288) Sochi 2015 1-0 (33)}) 10. a3 Nc5 11. Kh1 $146 ({RR} 11. Nd2 O-O 12. Ndf3 Bxf3 13. Nxf3 a5 14. e3 Qb6 15. g4 Rfe8 16. g5 Nfd7 17. h4 Bd6 18. Qf2 Re7 19. h5 f5 20. gxf6 Nxf6 21. Qh4 Ncd7 22. Bh3 h6 23. Kh1 Rf8 24. Nd4 Rfe8 25. Rg1 Bc5 {Dubov,D (2614)-Aronian,L (2815) Dubai 2014 0-1 (55)}) 11... h6 12. e4 dxe4 13. dxe4 g5 14. e5 Nd5 15. g4 gxh4 16. gxh5 Rg8 17. Qe2 Qc7 18. b4 Nd7 19. c4 N5b6 20. Nc3 O-O-O 21. Be3 Rg3 22. Ne4 Rg7 23. b5 Rdg8 24. Bf3 Rg3 25. Nxg3 Rxg3 26. Bg2 Nxc4 27. Bf2 Rxg2 28. Kxg2 cxb5 29. Kh2 f6 30. Qg4 fxe5 31. Qxe6 Bd8 32. fxe5 Kb8 33. Bd4 Ndxe5 34. Bxe5 Nxe5 35. Kh1 Nc6 36. Rad1 a6 37. Qd6 Be7 38. Qxc7+ Kxc7 39. Rd3 a5 40. Rf7 a4 41. Rh7 Kb6 42. Rxh6 1-0

[Event "Wch Blitz 7th"]
[Site "Khanty-Mansiysk"]
[Date "2013.06.10"]
[Round "23"]
[White "Dubov, Daniil"]
[Black "Grischuk, Alexander"]
[Result "1-0"]
[WhiteElo "2638"]
[BlackElo "2779"]
[PlyCount "114"]
[EventDate "2013.06.09"]
[EventType "swiss (blitz)"]
[EventRounds "30"]
[EventCountry "RUS"]
[SourceTitle "CBM 154 Extra"]
[Source "ChessBase"]
[SourceDate "2013.06.25"]
[SourceVersion "2"]
[SourceVersionDate "2013.06.25"]
[SourceQuality "1"]

1. Nf3 Nf6 2. g3 g6 3. Bg2 c5 ({RR} 3... d6 4. O-O e5 5. d4 e4 6. Nfd2 d5 7. c4 c6 8. Nc3 Bg7 9. cxd5 cxd5 10. Nb3 h6 11. f3 exf3 12. exf3 O-O 13. Be3 Nc6 14. Qd2 Kh7 15. Rac1 b6 16. Rfe1 Ba6 17. Ne2 Rc8 18. Nf4 {Sadhwani,R (2545)-Firouzja,A (2749) Chess.com INT 2020 1-0 (40)}) ({RR} 3... Nc6 4. O-O Bg7 5. d3 O-O 6. Nc3 d6 7. Re1 Bf5 8. Nh4 Qd7 9. Nxf5 Qxf5 10. Bxc6 bxc6 11. e4 Qh3 12. Qf3 Rab8 13. a3 Rfe8 14. Qg2 Qd7 15. Ra2 d5 16. exd5 Nxd5 17. Nxd5 cxd5 18. b3 {Gala,M (1515)-Lara,S (1404) Erbil IRQ 2025 ½-½ (35)}) 4. b3 d6 $146 ({RR} 4... Bg7 5. Bb2 O-O 6. O-O Nc6 7. d4 cxd4 8. Nxd4 Nxd4 9. Bxd4 d6 10. f4 Qc7 11. Bb2 e5 12. fxe5 dxe5 13. Nd2 Rd8 14. Qc1 Nd5 15. Ne4 h6 16. Rd1 Be6 17. c4 Ne7 18. Qe3 Nc6 19. Nc5 {Bronstein,L (1267)-Tenhuendfeld,B (1256) Ochtrup 2003 0-1}) ({RR} 4... Bg7 5. Bb2 Nc6 6. d3 O-O 7. e4 d6 8. Nbd2 b5 9. a4 b4 10. e5 Ng4 11. Qe2 Rb8 12. d4 cxd4 13. exd6 Qxd6 14. O-O d3 15. cxd3 Bxb2 16. Nc4 Qc5 17. Qxb2 Rd8 18. Rad1 Nd4 19. h3 {Voith,W (1502)-Eckl,U (1324) Windischeschenbach 2017 0-1}) 5. O-O e5 6. d3 Bg7 7. e4 O-O 8. Bb2 Nc6 9. Nbd2 h6 10. Re1 Re8 11. c3 d5 12. exd5 Nxd5 13. a3 Rb8 14. b4 cxb4 15. axb4 b5 16. Ne4 Qc7 17. Nc5 a5 18. Qb3 Rd8 19. Nxe5 Nxe5 20. Bxd5 a4 21. Qa2 Bf5 22. d4 Nd3 23. Nxd3 Bxd3 24. Rad1 Bf5 25. Bc1 Rbc8 26. Bd2 Rd7 27. Rc1 Qd8 28. Bf3 Bd3 29. Be2 Bxe2 30. Rxe2 Kh7 31. Rce1 Qf6 32. Re5 Qb6 33. Rc5 Rcd8 34. Qc2 Rd5 35. Qe4 Qd6 36. Bf4 Qd7 37. Rc7 Qf5 38. Qxf5 Rxf5 39. Ree7 g5 40. Be3 Kg6 41. Ra7 Rc8 42. Rec7 Rxc7 43. Rxc7 Rd5 44. Ra7 Rd8 45. Ra5 Rc8 46. Bd2 Rb8 47. Kf1 Kf6 48. Ke2 Ke6 49. Kd3 Bf8 50. c4 bxc4+ 51. Kxc4 Rc8+ 52. Kd3 Bd6 53. Rxa4 f6 54. Ra6 Kd5 55. Ra5+ Ke6 56. d5+ Kf5 57. f3 h5 1-0

[Event "Wch Blitz 7th"]
[Site "Khanty-Mansiysk"]
[Date "2013.06.10"]
[Round "24"]
[White "Artemiev, Vladislav"]
[Black "Riazantsev, Alexander"]
[Result "1-0"]
[WhiteElo "2524"]
[BlackElo "2708"]
[PlyCount "77"]
[EventDate "2013.06.09"]
[EventType "swiss (blitz)"]
[EventRounds "30"]
[EventCountry "RUS"]
[SourceTitle "CBM 154 Extra"]
[Source "ChessBase"]
[SourceDate "2013.06.25"]
[SourceVersion "2"]
[SourceVersionDate "2013.06.25"]
[SourceQuality "1"]

1. b3 d5 2. Bb2 Nf6 3. e3 g6 4. c4 Bg7 5. Nf3 O-O 6. Be2 c5 7. cxd5 Qxd5 8. Nc3 Qd8 ({RR} 8... Qf5 9. O-O Nc6 10. a3 Rd8 11. Na4 b6 12. b4 c4 13. Bxc4 b5 14. Nh4 Qg5 15. Nf3 Qf5 16. Nh4 Qg5 17. Nf3 Qf5 {½-½ (17) Bu,X (2662)-Ding,L (2707) Danzhou 2013}) 9. O-O Nc6 10. Rc1 b6 $146 ({RR} 10... Bf5 11. Na4 b6 12. d4 Nxd4 13. Nxd4 cxd4 14. Qxd4 Qxd4 {½-½ (14) Camacho Calle,P (2072)-Sanchez Barbado,C (2180) Benidorm 2011}) 11. d4 cxd4 12. Nb5 Bb7 13. Nfxd4 Nxd4 14. Qxd4 a6 15. Nc7 Rb8 16. Bxa6 Bxa6 17. Nxa6 Ra8 18. Nb4 Qxd4 19. Bxd4 Ne4 20. Rfd1 b5 21. f3 Bxd4 22. Rxd4 Nd6 23. e4 Rfc8 24. Rdd1 f6 25. Kf2 Kf7 26. Ke3 g5 27. Kd2 g4 28. Ke3 h5 29. Kf4 gxf3 30. gxf3 Ke6 31. Nd5 Ne8 32. Rxc8 Rxc8 33. a4 bxa4 34. bxa4 Rc2 35. Ra1 Rxh2 36. a5 Kd6 37. a6 Ng7 38. a7 Ne6+ 39. Kg3 1-0

[Event "Wch Blitz 7th"]
[Site "Khanty-Mansiysk"]
[Date "2013.06.10"]
[Round "28"]
[White "Khismatullin, Denis Rimovich"]
[Black "Zvjaginsev, Vadim"]
[Result "1-0"]
[WhiteElo "2658"]
[BlackElo "2659"]
[PlyCount "89"]
[EventDate "2013.06.09"]
[EventType "swiss (blitz)"]
[EventRounds "30"]
[EventCountry "RUS"]
[SourceTitle "CBM 154 Extra"]
[Source "ChessBase"]
[SourceDate "2013.06.25"]
[SourceVersion "2"]
[SourceVersionDate "2013.06.25"]
[SourceQuality "1"]

1. Nf3 c5 2. b3 Nc6 3. Bb2 d5 4. e3 a6 5. c4 e6 ({RR} 5... d4 6. exd4 cxd4 7. d3 e5 8. a3 a5 9. Nbd2 Nf6 10. Be2 Be7 11. O-O O-O 12. Re1 Nd7 13. Bf1 f6 14. Ne4 f5 15. Ned2 Bf6 16. Qc2 Nc5 17. Rab1 Ra6 18. Bc1 Rb6 19. g3 Qd6 20. Qa2 {Pinero Rodriguez,C (2789)-Taborov,B (2518) Chess.com 2024 1-0 (40)}) 6. cxd5 exd5 7. d4 Nf6 8. Be2 $146 ({RR} 8. Nbd2 Be7 9. Be2 O-O 10. O-O Bg4 11. h3 Bh5 12. Rc1 cxd4 13. Nxd4 Bxe2 14. Qxe2 Nxd4 15. Bxd4 Qa5 16. Nb1 Rac8 17. Qb2 Rfd8 18. a3 Ne8 19. b4 Qa4 20. Nc3 Qd7 21. Rfd1 Qe6 22. Ne2 Bd6 {Yue,T (2047)-Lymar,V (2212) chess.com INT 2025 0-1 (66)}) 8... cxd4 9. Nxd4 Bb4+ 10. Bc3 Bd6 11. Nd2 O-O 12. O-O Re8 13. Re1 Bd7 14. Rc1 Qe7 15. h3 Ba3 16. Rb1 Rac8 17. Nxc6 Rxc6 18. Bxf6 Qxf6 19. Nf3 Bf5 20. Bd3 Be4 21. Nd4 Rcc8 22. Bxe4 dxe4 23. b4 Rc3 24. Rb3 Rec8 25. Qg4 h5 26. Qxe4 Rxb3 27. Nxb3 Qc3 28. Rd1 Qxb4 29. Qf5 Qc4 30. Qxh5 g6 31. Qf3 Qc6 32. Qg4 Bf8 33. Rd7 b5 34. Nd4 Qf6 35. f4 Rc1+ 36. Kh2 Bc5 37. Rc7 Rc4 38. Qc8+ Bf8 39. Rxc4 bxc4 40. Qxc4 Qe7 41. Qd3 a5 42. a4 Qb4 43. Qb3 Qd2 44. Nf3 Qe2 45. Ne5 1-0

[Event "Golden Sands Europe op 2nd"]
[Site "Golden Sands"]
[Date "2013.06.18"]
[Round "9"]
[White "Venkatesh, Marani Rajendran"]
[Black "Parligras, Mircea Emilian"]
[Result "1-0"]
[WhiteElo "2506"]
[BlackElo "2565"]
[PlyCount "83"]
[EventDate "2013.06.10"]
[EventType "swiss"]
[EventRounds "9"]
[EventCountry "BUL"]
[SourceTitle "EXT 2014"]
[Source "ChessBase"]
[SourceDate "2013.11.20"]
[SourceVersion "1"]
[SourceVersionDate "2013.11.20"]
[SourceQuality "1"]

1. Nf3 c5 2. g3 Nc6 3. Bg2 g6 4. d3 Bg7 5. e4 d6 6. O-O Nf6 7. Re1 O-O 8. c3 Bg4 9. h3 Bxf3 10. Qxf3 Rc8 11. Be3 Nd7 12. Nd2 b5 13. Rec1 b4 14. Qd1 Nb6 $146 ({RR} 14... Qa5 15. Qc2 Nb6 16. a4 bxc3 17. bxc3 Rb8 18. Bf1 Nd7 19. Nc4 Qc7 20. Rab1 Rfc8 21. Rb5 a6 22. Rbb1 h5 23. Bg2 Rxb1 24. Rxb1 Rb8 {½-½ (24) House,G (2188)-Vogt,L (2402) St Clement Bay 2018}) 15. a3 bxc3 16. bxc3 Rb8 17. a4 Na5 18. Rab1 Nd7 19. d4 Qc7 20. Bf1 Rxb1 21. Rxb1 Rb8 22. Rxb8+ Qxb8 23. Bb5 Qc7 24. Nb3 Nxb3 25. Qxb3 Nf6 26. Bd3 h5 27. Qb5 cxd4 28. cxd4 Qc8 29. e5 Nh7 30. Qd5 Nf8 31. exd6 exd6 32. Kg2 Qd7 33. a5 Ne6 34. a6 Bf6 35. Qb7 Qe7 36. Bc4 Nc7 37. Qxa7 h4 38. g4 d5 39. Bd3 Kg7 40. Qb7 Qa3 41. Be2 Qc3 42. a7 1-0

[Event "Moscow Tal Memorial 8th Blitz"]
[Site "Moscow"]
[Date "2013.06.12"]
[Round "1"]
[White "Nakamura, Hikaru"]
[Black "Morozevich, Alexander"]
[Result "1-0"]
[WhiteElo "2784"]
[BlackElo "2760"]
[PlyCount "81"]
[EventDate "2013.06.12"]
[EventType "tourn (blitz)"]
[EventRounds "9"]
[EventCountry "RUS"]
[EventCategory "22"]
[SourceTitle "CBM 154 Extra"]
[Source "ChessBase"]
[SourceDate "2013.06.25"]
[SourceVersion "2"]
[SourceVersionDate "2013.06.25"]
[SourceQuality "1"]

1. Nf3 Nf6 2. g3 g6 3. d3 Bg7 4. e4 c5 5. Bg2 Nc6 6. O-O O-O 7. c3 d5 8. e5 Nd7 9. d4 cxd4 10. cxd4 Nb6 11. h3 ({RR} 11. Nc3 Bg4 12. Bg5 Rc8 13. Rc1 Qd7 14. Ne2 Na5 15. b3 Nc6 16. Qd2 a5 17. Bh6 a4 18. Bxg7 Kxg7 19. Nf4 Bxf3 20. Bxf3 h6 21. e6 Qd6 22. exf7 Rxf7 23. Bg4 Ra8 24. Ne6+ Kh7 25. h4 axb3 {Shevchenko,Y (2092)-Cahaya,S (2416) chess.com INT 2025 0-1 (69)}) 11... Bf5 12. Nc3 Rc8 $146 ({RR} 12... Qd7 13. Kh2 Be4 14. Be3 Bxf3 15. Qxf3 e6 16. h4 Nc4 17. Qg4 Ne7 18. Bg5 Nf5 19. b3 Na3 20. Bh3 h6 21. Bf6 Bxf6 22. exf6 Qd8 23. Qf4 Qxf6 24. Bxf5 Qxf5 25. Qxh6 Rfc8 26. Rac1 Rc6 27. Qd2 {Amin,B (2559)-Adly,A (2554) Rijeka 2009 0-1 (45)}) 13. Nh4 Be6 14. f4 f5 15. Nf3 Bd7 16. Qe2 e6 17. g4 a6 18. gxf5 exf5 19. h4 h6 20. Be3 Be6 21. h5 gxh5 22. Bf2 Nc4 23. Kh1 Qb6 24. b3 Na3 25. Na4 Qb5 26. Qd1 b6 27. Rg1 Ne7 28. Bf1 Qc6 29. Bxa6 Rc7 30. Bd3 Rf7 31. Nh4 Nc4 32. Kh2 Kh7 33. Rc1 Ra7 34. Be2 b5 35. Nc3 Qd7 36. bxc4 b4 37. cxd5 Nxd5 38. Nxd5 Bxd5 39. Rc2 Bf8 40. Bd3 Be7 41. Qxh5 1-0

[Event "Moscow Tal Memorial 8th Blitz"]
[Site "Moscow"]
[Date "2013.06.12"]
[Round "6"]
[White "Kramnik, Vladimir"]
[Black "Caruana, Fabiano"]
[Result "1-0"]
[WhiteElo "2803"]
[BlackElo "2774"]
[PlyCount "89"]
[EventDate "2013.06.12"]
[EventType "tourn (blitz)"]
[EventRounds "9"]
[EventCountry "RUS"]
[EventCategory "22"]
[SourceTitle "CBM 154 Extra"]
[Source "ChessBase"]
[SourceDate "2013.06.25"]
[SourceVersion "2"]
[SourceVersionDate "2013.06.25"]
[SourceQuality "1"]

1. Nf3 c5 2. b3 d6 3. e3 e5 4. Bb2 f5 5. Bb5+ Bd7 6. Bxd7+ Qxd7 7. O-O Nf6 8. c4 Be7 9. d4 $146 ({RR} 9. d3 O-O 10. Nc3 Na6 11. e4 Nc7 12. Nd2 f4 13. Kh1 a6 14. f3 b5 15. Nd5 Rab8 16. Qe2 Bd8 17. Bc3 Ne6 18. Rg1 Nh5 19. g4 fxg3 20. hxg3 g6 21. Raf1 Nd4 22. Bxd4 cxd4 23. Qh2 Nf6 {Salgado Lopez,I (2627)-Bernal Moro,L (2413) Linares 2017 ½-½ (35)}) 9... cxd4 10. exd4 e4 11. Ng5 d5 12. Nc3 O-O 13. Nh3 Nc6 14. Nf4 dxc4 15. d5 Ne5 16. Ne6 Rfc8 17. Nxe4 fxe4 18. Bxe5 Qxd5 19. Qxd5 Nxd5 20. Rad1 Rc6 21. Nxg7 Nb6 22. Nf5 Bc5 23. Bd4 Bb4 24. Bxb6 axb6 25. Rd4 Rxa2 26. bxc4 Re6 27. Ng3 e3 28. Rd8+ Kf7 29. fxe3+ Ke7 30. Rb8 Bc5 31. Rxb7+ Kd6 32. Nf5+ Kc6 33. Rxh7 Rc2 34. Rh4 Rg6 35. g3 Kb7 36. Rf2 Rc3 37. Re4 Rc6 38. h4 Bb4 39. Rff4 Rc2 40. h5 Rc7 41. h6 Be1 42. Rh4 Rd7 43. Rd4 Rh7 44. Rdg4 Bc3 45. Rg7+ 1-0

[Event "Jermuk Asrian Memorial 6th"]
[Site "Jermuk"]
[Date "2013.06.24"]
[Round "9"]
[White "Gabuzyan, Hovhannes"]
[Black "Postny, Evgeny"]
[Result "1-0"]
[WhiteElo "2533"]
[BlackElo "2645"]
[PlyCount "105"]
[EventDate "2013.06.16"]
[EventType "swiss"]
[EventRounds "9"]
[EventCountry "ARM"]
[SourceTitle "CBM 155 Extra"]
[Source "ChessBase"]
[SourceDate "2013.08.26"]
[SourceVersion "1"]
[SourceVersionDate "2013.08.26"]
[SourceQuality "1"]

1. Nf3 Nf6 2. g3 b5 3. Bg2 Bb7 4. O-O e6 5. b3 Be7 6. c4 b4 ({RR} 6... a6 7. Nc3 b4 8. Na4 O-O 9. Bb2 d6 10. d4 Nbd7 11. Nd2 Bxg2 12. Kxg2 c5 13. e3 cxd4 14. Bxd4 Qc7 15. Qe2 Rfc8 16. e4 Nc5 17. Nxc5 dxc5 18. Bb2 a5 19. a4 bxa3 20. Rxa3 Nd7 21. Rfa1 {Artemiev,V (2700)-Maghsoodloo,P (2701) Chess.com INT 2022 1-0 (92)}) 7. d4 O-O 8. Nbd2 ({RR} 8. Bb2 d6 9. Nbd2 Nbd7 10. Qc2 c5 11. e4 cxd4 12. Nxd4 Qb6 13. Rad1 a5 14. Rfe1 Rfc8 15. h3 Nc5 16. Kh2 a4 17. Qb1 g6 18. Nb5 e5 19. f4 Ncd7 20. Nf3 Rc5 21. Qd3 axb3 22. axb3 Ra6 {Ghosh,D (2566)-Sjugirov,S (2644) chess.com INT 2024 0-1}) 8... c5 9. d5 $146 ({RR} 9. Bb2 a5 10. a4 Na6 11. Rc1 Qb6 12. Qc2 Rfd8 13. d5 exd5 14. cxd5 Nxd5 15. Nc4 Qc7 16. e4 Nc3 17. Rfe1 d5 18. exd5 Bxd5 19. Re3 Bxc4 20. bxc4 Bf6 21. Rce1 Rac8 22. Qf5 Qd6 23. Bxc3 bxc3 {Smejkal,L-Voloshin,L (2435) Czech Republic 1996 0-1}) 9... exd5 10. Nh4 g6 11. Bb2 d6 12. cxd5 Nbd7 13. e4 Ne8 14. f4 Bf6 15. Bxf6 Ndxf6 16. Nc4 Nc7 17. e5 dxe5 18. d6 Bxg2 19. Kxg2 Ne6 20. fxe5 Nd7 21. Qg4 Qg5 22. Qe4 Rae8 23. Rae1 Qd8 24. Nf3 Qa8 25. Nfd2 f5 26. Qxa8 Rxa8 27. Na5 Rac8 28. h3 Kg7 29. Rf2 Rf7 30. Ndc4 Nb6 31. Ne3 Rcf8 32. Nac4 Nxc4 33. Nxc4 f4 34. gxf4 Rxf4 35. Ref1 Rxf2+ 36. Rxf2 Rxf2+ 37. Kxf2 Kf7 38. Ke3 Nd8 39. Ke4 Ke6 40. Nb2 g5 41. Nd3 Nb7 42. Kf3 Nd8 43. Ke4 Nb7 44. h4 h6 45. h5 a5 46. Nb2 Nd8 47. Na4 Nb7 48. Nb6 g4 49. Nc4 Nd8 50. Kf4 Kd5 51. Kxg4 Ke4 52. d7 Ne6 53. Nxa5 1-0